Valtiot, joissa on pienin väestötiheys - Statistics

Yleistilastot
  • Tätä visaa on pelattu 1 253 kertaa
  • Keskiarvotulos 14 / 24
Vastaustilastot
Tiheys Valtio % Oikein
16,4 Suomi
96%
8,54 Venäjä
94%
3,83 Kanada
90%
14,2 Norja
87%
3,38 Australia
85%
2,15 Mongolia
82%
3,35 Islanti
77%
7,02 Kazakstan
75%
16,5 Argentiina
60%
16,6 Saudi-Arabia
58%
16,8 Kongon tasavalta
55%
3,99 Libya
55%
17,1 Mali
54%
13,4 Tšad
54%
12,6 Turkmenistan
48%
4,70 Mauritania
47%
3,16 Namibia
45%
10,9 Bolivia
37%
4,17 Botswana
33%
17,2 Oman
33%
7,96 Keski-Afrikan tasavalta
30%
3,63 Suriname
20%
3,69 Guyana
19%
8,62 Gabon
15%
Ehtoja vastaavia visoja ei löytynyt
Tulosjakauma
Jokaisen tuloksen saaneiden osuus
Persentiili vastausten määrän mukaan
Tuloshistoriasi
Et ole pelannut tätä visaa